[Event "Aeroflot Open 2007"]
[Site "Moscú RUS"]
[Date "2007.02.17"]
[Round "4.38"]
[White "Vijayalakshmi, Subbaraman"]
[Black "Luther, Thomas"]
[Result "1/2-1/2"]
[WhiteElo "2459"]
[BlackElo "2580"]
[PlyCount "83"]
[EventDate "2007.02.14"]
[EventType "swiss"]
[EventRounds "9"]
[EventCountry "RUS"]
[Source "lmi"]
[SourceDate "2007.02.13"]

1. b3 d5 2. Bb2 Nf6 3. Nf3 Bg4 4. e3 Nbd7 5. Be2 c6 6. d4 e6 7. h3 Bxf3 8. Bxf3
Bd6 9. Nd2 e5 10. e4 O-O 11. O-O exd4 12. exd5 cxd5 13. Bxd4 Be5 14. Bxe5 Nxe5
15. Be2 Qb6 16. Nf3 Nc6 17. a4 Rad8 18. Bb5 Ne4 19. Bxc6 bxc6 20. Qd3 a5 21.
Rae1 Rfe8 22. Qe3 c5 23. Nd2 h6 24. Nxe4 Rxe4 25. Qd2 c4 26. Rxe4 dxe4 27. Qc3
cxb3 28. Qxb3 Qxb3 29. cxb3 Rb8 30. Rc1 Rxb3 31. Rc5 Rb1+ 32. Kh2 Rb2 33. Kg3
Rb3+ 34. Kh2 Rb2 35. Kg3 Ra2 36. Rxa5 g5 37. f3 e3 38. Re5 Ra3 39. Re8+ Kg7 40.
f4 Rxa4 41. fxg5 hxg5 42. Rxe3 1/2-1/2

[Event "Aeroflot Open 2007"]
[Site "Moscú RUS"]
[Date "2007.02.17"]
[Round "4.41"]
[White "Kotronias, Vasilios"]
[Black "Anastasian, Ashot"]
[Result "1/2-1/2"]
[WhiteElo "2572"]
[BlackElo "2587"]
[PlyCount "138"]
[EventDate "2007.02.14"]
[EventType "swiss"]
[EventRounds "9"]
[EventCountry "RUS"]
[Source "lmi"]
[SourceDate "2007.02.13"]

1. e4 c6 2. d4 d5 3. Nc3 dxe4 4. Nxe4 Bf5 5. Ng3 Bg6 6. h4 h6 7. Nf3 Nd7 8. h5
Bh7 9. Bd3 Bxd3 10. Qxd3 e6 11. Bf4 Qa5+ 12. Bd2 Qc7 13. O-O-O Ngf6 14. Ne4
O-O-O 15. g3 Be7 16. Nxf6 Nxf6 17. Qe2 Nd7 18. Kb1 Rhe8 19. c4 c5 20. Bf4 Bf6
21. Bc1 cxd4 22. Nxd4 a6 23. f4 Be7 24. g4 Nb8 25. Be3 Nc6 26. Qf3 Rd6 27. Nb5
axb5 28. cxb5 Rxd1+ 29. Rxd1 Rd8 30. Rc1 Rd5 31. bxc6 bxc6 32. Qe4 Kd7 33. Bd4
f6 34. Be3 Qd6 35. a4 Rd1 36. a5 Rxc1+ 37. Kxc1 Qd5 38. Qd4 Bd6 39. a6 Qxd4 40.
Bxd4 Bxf4+ 41. Kc2 Kc7 42. Bc5 Be5 43. b3 Bf4 44. Kd3 Bg5 45. Kc4 Bd2 46. b4
Bf4 47. b5 cxb5+ 48. Kxb5 Kb8 49. Bf8 e5 50. Bxg7 Bg5 51. Bf8 Ka8 52. Bc5 Kb8
53. Bf2 Ka8 54. Kc4 Kb8 55. Kd5 Ka8 56. Ke4 Kb8 57. Bc5 Ka8 58. Kf5 Kb8 59. Bg1
Ka8 60. Bb6 Kb8 61. Bc5 Ka8 62. Be7 Ka7 63. Bxf6 Bxf6 64. Kxf6 e4 65. g5 hxg5
66. h6 e3 67. h7 e2 68. h8=Q e1=Q 69. Qg7+ Kxa6 1/2-1/2

[Event "Aeroflot Open 2007"]
[Site "Moscú RUS"]
[Date "2007.02.17"]
[Round "4.42"]
[White "Sedlak, Nikola"]
[Black "Halkias, Stelios"]
[Result "1/2-1/2"]
[WhiteElo "2561"]
[BlackElo "2583"]
[PlyCount "36"]
[EventDate "2007.02.14"]
[EventType "swiss"]
[EventRounds "9"]
[EventCountry "RUS"]
[Source "lmi"]
[SourceDate "2007.02.13"]

1. e4 e5 2. Nf3 Nc6 3. Bb5 a6 4. Ba4 Nf6 5. d3 Bc5 6. Bxc6 dxc6 7. h3 O-O 8.
Qe2 Qe7 9. Nbd2 Nd7 10. Nc4 Re8 11. a3 Ba7 12. O-O f6 13. Nh4 Nf8 14. Qf3 Qf7
15. Be3 Bxe3 16. fxe3 Be6 17. Nd2 Rad8 18. Qg3 Kh8 1/2-1/2

[Event "Aeroflot Open 2007"]
[Site "Moscú RUS"]
[Date "2007.02.18"]
[Round "5.4"]
[White "Ehlvest, Jaan"]
[Black "Alekseev, Evgeny"]
[Result "0-1"]
[WhiteElo "2610"]
[BlackElo "2661"]
[PlyCount "72"]
[EventDate "2007.02.14"]
[EventType "swiss"]
[EventRounds "9"]
[EventCountry "RUS"]
[Source "lmi"]
[SourceDate "2007.02.13"]

1. d4 Nf6 2. c4 e6 3. Nf3 c5 4. d5 b5 5. dxe6 fxe6 6. cxb5 d5 7. Nc3 Nbd7 8. e4
d4 9. e5 Ng4 10. Ne4 Bb7 11. Qe2 Bd5 12. Nxd4 cxd4 13. Qxg4 Nxe5 14. Qh5+ Ng6
15. Bd3 Bb4+ 16. Ke2 Qc7 17. a3 Be7 18. Bd2 O-O 19. Rhc1 Qb7 20. f3 Rf5 21. Qh3
Ne5 22. a4 Nxd3 23. Kxd3 a6 24. Qg3 e5 25. Ba5 Bxe4+ 26. fxe4 Rf4 27. Qe1 axb5
28. Bd2 Rff8 29. a5 b4 30. b3 Qb5+ 31. Rc4 Rxa5 32. Rxa5 Qxa5 33. Qc1 Qa6 34.
Qd1 h6 35. Qg4 Kh7 36. Qd7 Qa2 0-1

[Event "Aeroflot Open 2007"]
[Site "Moscú RUS"]
[Date "2007.02.18"]
[Round "5.7"]
[White "Predojevic, Borki"]
[Black "Korotylev, Alexey"]
[Result "1/2-1/2"]
[WhiteElo "2587"]
[BlackElo "2615"]
[PlyCount "36"]
[EventDate "2007.02.14"]
[EventType "swiss"]
[EventRounds "9"]
[EventCountry "RUS"]
[Source "lmi"]
[SourceDate "2007.02.13"]

1. e4 e5 2. Nf3 Nc6 3. Bb5 a6 4. Ba4 Nf6 5. O-O Be7 6. Re1 b5 7. Bb3 d6 8. c3
O-O 9. d4 Bg4 10. Be3 exd4 11. cxd4 Na5 12. Bc2 Nc4 13. Bc1 c5 14. b3 Nb6 15.
Nbd2 Nfd7 16. h3 Bh5 17. Bb2 Rc8 18. dxc5 Nxc5 1/2-1/2

[Event "Aeroflot Open 2007"]
[Site "Moscú RUS"]
[Date "2007.02.18"]
[Round "5.8"]
[White "Belov, Vladimir"]
[Black "Akopian, Vladimir"]
[Result "0-1"]
[WhiteElo "2600"]
[BlackElo "2700"]
[PlyCount "38"]
[EventDate "2007.02.14"]
[EventType "swiss"]
[EventRounds "9"]
[EventCountry "RUS"]
[Source "lmi"]
[SourceDate "2007.02.13"]

1. e4 e5 2. Nf3 Nc6 3. Bb5 a6 4. Ba4 Nf6 5. O-O Be7 6. Re1 b5 7. Bb3 O-O 8. c3
d5 9. d4 exd4 10. e5 Ne4 11. Nxd4 Nxe5 12. Bf4 Bf6 13. Bxe5 Bxe5 14. Nf3 Bg4
15. Qxd5 Bxf3 16. Qxe5 Qh4 17. Rxe4 Qxe4 18. Qxe4 Bxe4 19. Nd2 Bb7 0-1

[Event "Aeroflot Open 2007"]
[Site "Moscú RUS"]
[Date "2007.02.18"]
[Round "5.10"]
[White "Timofeev, Artyom"]
[Black "Lysyj, Igor"]
[Result "1/2-1/2"]
[WhiteElo "2663"]
[BlackElo "2576"]
[PlyCount "119"]
[EventDate "2007.02.14"]
[EventType "swiss"]
[EventRounds "9"]
[EventCountry "RUS"]
[Source "lmi"]
[SourceDate "2007.02.13"]

1. e4 e6 2. d4 d5 3. Nd2 c5 4. Ngf3 Nc6 5. exd5 exd5 6. Bb5 Bd6 7. dxc5 Bxc5 8.
O-O Nge7 9. Nb3 Bd6 10. Re1 O-O 11. Bd3 h6 12. h3 Nf5 13. c3 Qf6 14. Bc2 Rd8
15. Qd3 g6 16. Nh2 Bxh2+ 17. Kxh2 d4 18. Bf4 b6 19. Qe2 dxc3 20. bxc3 Bb7 21.
Qg4 h5 22. Qg5 Qxg5 23. Bxg5 Re8 24. Bf6 Nd6 25. Nd4 Nxd4 26. Bxd4 Bc6 27. Kg3
Nf5+ 28. Bxf5 gxf5 29. Kh4 Kh7 30. Kxh5 Bxg2 31. Kg5 Rxe1 32. Rxe1 Bd5 33. a4
Be6 34. Ra1 Rg8+ 35. Kf4 Ra8 36. Ke5 Kh6 37. Rg1 Kh7 38. Kd6 Kh6 39. Ke7 f4 40.
Kf6 Rc8 41. Ke5 Rc4 42. Ra1 Kg5 43. h4+ Kxh4 44. Kxf4 Kh3 45. f3 a6 46. Ke5 Bd7
47. Rb1 b5 48. axb5 axb5 49. f4 Kg4 50. Rg1+ Kf3 51. Rg7 b4 52. cxb4 Rxb4 53.
Rxf7 Bh3 54. Rc7 Rb5+ 55. Bc5 Rb2 56. f5 Re2+ 57. Kf6 Rc2 58. Kg6 Rg2+ 59. Kf6
Rc2 60. Ke5 1/2-1/2

[Event "Aeroflot Open 2007"]
[Site "Moscú RUS"]
[Date "2007.02.18"]
[Round "5.11"]
[White "Popov, Valerij"]
[Black "Sargissian, Gabriel"]
[Result "0-1"]
[WhiteElo "2590"]
[BlackElo "2658"]
[PlyCount "78"]
[EventDate "2007.02.14"]
[EventType "swiss"]
[EventRounds "9"]
[EventCountry "RUS"]
[Source "lmi"]
[SourceDate "2007.02.13"]

1. c4 Nf6 2. Nc3 e5 3. Nf3 Nc6 4. g3 Nd4 5. Bg2 Nxf3+ 6. Bxf3 Bb4 7. Qb3 Bc5 8.
d3 O-O 9. O-O c6 10. Bg2 h6 11. Bd2 Re8 12. Rad1 Bf8 13. h3 a6 14. Kh2 d6 15.
f4 Be7 16. f5 Qc7 17. Be3 Bd7 18. Rc1 Bd8 19. g4 Rb8 20. Ba7 Rc8 21. Bf2 Qb8
22. e4 b5 23. Qc2 d5 24. c5 b4 25. Na4 b3 26. Qxb3 Qxb3 27. axb3 d4 28. Be1 Rb8
29. b4 Bc8 30. Ra1 Re7 31. Kg3 Reb7 32. Ra3 Rb5 33. Nb6 Bxb6 34. cxb6 R5xb6 35.
Rf2 c5 36. Ra5 Rb5 37. Rxb5 Rxb5 38. Rc2 Nd7 39. Bf1 a5 0-1

[Event "Aeroflot Open 2007"]
[Site "Moscú RUS"]
[Date "2007.02.18"]
[Round "5.12"]
[White "Laznicka, Viktor"]
[Black "Areshchenko, Alexander"]
[Result "1-0"]
[WhiteElo "2593"]
[BlackElo "2644"]
[PlyCount "85"]
[EventDate "2007.02.14"]
[EventType "swiss"]
[EventRounds "9"]
[EventCountry "RUS"]
[Source "lmi"]
[SourceDate "2007.02.13"]

1. d4 Nf6 2. c4 g6 3. f3 d5 4. cxd5 Nxd5 5. e4 Nb6 6. Nc3 Bg7 7. Be3 O-O 8. Qd2
e5 9. d5 c6 10. h4 cxd5 11. exd5 N8d7 12. h5 Nf6 13. hxg6 fxg6 14. d6 Be6 15.
Nh3 Bxh3 16. Rxh3 Rc8 17. Bg5 Qd7 18. Rh4 Qe6 19. Rd1 Rf7 20. a4 Qb3 21. a5
Nbd7 22. Bd3 e4 23. Bb1 exf3 24. Ba2 fxg2 25. Be3 g1=Q+ 26. Bxg1 Re8+ 27. Be3
Rxe3+ 28. Qxe3 Qxb2 29. Rh3 h5 30. Qe6 Nd5 31. Rf3 Bxc3+ 32. Kf1 Ne3+ 33. Qxe3
Qxa2 34. Qxc3 Qa4 35. Re1 Qb5+ 36. Re2 Ne5 37. Rxf7 Nxf7 38. Qc8+ Kg7 39. Qc3+
Kh6 40. Qd2+ Kg7 41. Qd4+ Kh6 42. d7 b6 43. d8=Q 1-0

[Event "Aeroflot Open 2007"]
[Site "Moscú RUS"]
[Date "2007.02.18"]
[Round "5.16"]
[White "Li, Shilong"]
[Black "Balogh, Csaba"]
[Result "0-1"]
[WhiteElo "2531"]
[BlackElo "2616"]
[PlyCount "58"]
[EventDate "2007.02.14"]
[EventType "swiss"]
[EventRounds "9"]
[EventCountry "RUS"]
[Source "lmi"]
[SourceDate "2007.02.13"]

1. d4 Nf6 2. c4 e6 3. Nc3 Bb4 4. Bg5 h6 5. Bh4 c5 6. d5 d6 7. e3 Bxc3+ 8. bxc3
Qe7 9. Bd3 Nbd7 10. Nf3 e5 11. Nd2 g5 12. Bg3 e4 13. Bc2 Nf8 14. Qb1 Bf5 15. f3
exf3 16. O-O Bxc2 17. Qxc2 Nh5 18. Bxd6 Qxd6 19. Qe4+ Qe7 20. Qxf3 Ng7 21. Rab1
Nd7 22. Rxb7 O-O 23. d6 Qe6 24. Qd5 Nb6 25. Qxc5 Rac8 26. Qd4 Nf5 27. Rxf5 Qxf5
28. Ne4 Rxc4 29. Nf6+ Kh8 0-1

[Event "Aeroflot Open 2007"]
[Site "Moscú RUS"]
[Date "2007.02.18"]
[Round "5.22"]
[White "Gareev, Timur"]
[Black "Jobava, Baadur"]
[Result "0-1"]
[WhiteElo "2551"]
[BlackElo "2650"]
[PlyCount "58"]
[EventDate "2007.02.14"]
[EventType "swiss"]
[EventRounds "9"]
[EventCountry "RUS"]
[Source "lmi"]
[SourceDate "2007.02.13"]

1. d4 Nf6 2. Nf3 e6 3. e3 b6 4. Bd3 Bb7 5. b3 d5 6. Bb2 Bd6 7. Nbd2 O-O 8. c4
c5 9. O-O Nc6 10. a3 cxd4 11. exd4 dxc4 12. bxc4 Ne7 13. Qe2 Ng6 14. g3 Re8 15.
Ne5 Bxe5 16. dxe5 Nd7 17. Be4 Qc7 18. Bxb7 Qxb7 19. Ne4 Red8 20. f4 Nc5 21. Nd6
Qc6 22. f5 exf5 23. Rxf5 f6 24. Rd1 fxe5 25. Bxe5 Rd7 26. Rh5 Rad8 27. Rxh7
Nxe5 28. Qh5 Nf7 29. Qg6 Ne6 0-1

[Event "Aeroflot Open 2007"]
[Site "Moscú RUS"]
[Date "2007.02.18"]
[Round "5.26"]
[White "Maslak, Konstantin"]
[Black "Asrian, Karen"]
[Result "0-1"]
[WhiteElo "2539"]
[BlackElo "2634"]
[PlyCount "66"]
[EventDate "2007.02.14"]
[EventType "swiss"]
[EventRounds "9"]
[EventCountry "RUS"]
[Source "lmi"]
[SourceDate "2007.02.13"]

1. e4 e6 2. d4 d5 3. e5 c5 4. c3 Nc6 5. Nf3 Qb6 6. a3 c4 7. g3 Bd7 8. Nbd2 Na5
9. h4 O-O-O 10. h5 Nh6 11. Bh3 f6 12. Qe2 Nf7 13. O-O f5 14. Nh2 g6 15. f4 Be7
16. g4 g5 17. Bg2 gxf4 18. gxf5 exf5 19. Bxd5 Rhg8+ 20. Kh1 Be6 21. Bxe6+ Qxe6
22. Ndf3 Nb3 23. Rb1 Nxc1 24. Rbxc1 Qc6 25. Rg1 Ng5 26. Rg2 Ne4 27. Kg1 Qd5 28.
Nf1 Rxg2+ 29. Kxg2 Rg8+ 30. Kh1 Bh4 31. Kh2 Bf2 32. Rc2 Qf7 33. N3d2 Bg1+ 0-1

[Event "Aeroflot Open 2007"]
[Site "Moscú RUS"]
[Date "2007.02.18"]
[Round "5.27"]
[White "Hou, Yifan"]
[Black "Riazantsev, Alexander"]
[Result "0-1"]
[WhiteElo "2509"]
[BlackElo "2629"]
[PlyCount "100"]
[EventDate "2007.02.14"]
[EventType "swiss"]
[EventRounds "9"]
[EventCountry "RUS"]
[Source "lmi"]
[SourceDate "2007.02.13"]

1. e4 c6 2. d4 d5 3. Nc3 dxe4 4. Nxe4 Bf5 5. Ng3 Bg6 6. h4 h6 7. Nf3 Nd7 8. h5
Bh7 9. Bd3 Bxd3 10. Qxd3 e6 11. Bd2 Ngf6 12. O-O-O Be7 13. Qe2 O-O 14. Kb1 Qb6
15. c4 Rfd8 16. Ne5 c5 17. Nxd7 Rxd7 18. dxc5 Bxc5 19. Bc3 Bd4 20. Bxd4 Rxd4
21. Rxd4 Qxd4 22. Rd1 Qc5 23. Ne4 Qf5 24. f3 Nxh5 25. g4 Nf4 26. Qd2 Qe5 27.
Qd7 Rf8 28. a3 Ng6 29. Rd3 f5 30. gxf5 exf5 31. Nd6 Qe1+ 32. Ka2 Ne5 33. Qe6+
Kh7 34. Qe7 Nxd3 35. Qxf8 Qe5 36. Qxf5+ Qxf5 37. Nxf5 Kg6 38. Nd6 h5 39. Nxb7
h4 40. Nd6 h3 41. Ne4 h2 42. Ng3 Kg5 43. b4 Kf4 44. Nh1 Kxf3 45. c5 Ne5 46. b5
Kg2 47. c6 Nf7 48. a4 Kxh1 49. c7 Nd6 50. a5 Kg1 0-1

[Event "Aeroflot Open 2007"]
[Site "Moscú RUS"]
[Date "2007.02.18"]
[Round "5.30"]
[White "Li, Chao(b)"]
[Black "Harikrishna, Penteala"]
[Result "1/2-1/2"]
[WhiteElo "2504"]
[BlackElo "2673"]
[PlyCount "134"]
[EventDate "2007.02.14"]
[EventType "swiss"]
[EventRounds "9"]
[EventCountry "RUS"]
[Source "lmi"]
[SourceDate "2007.02.13"]

1. e4 e5 2. Nf3 Nc6 3. Bc4 Nf6 4. d3 Be7 5. O-O O-O 6. Re1 d6 7. a4 Be6 8. a5
a6 9. Nc3 Qd7 10. Bg5 h6 11. Bxf6 Bxf6 12. Nd5 Bd8 13. c3 Nxa5 14. Rxa5 c6 15.
Ra2 cxd5 16. Bxd5 Bxd5 17. exd5 Bb6 18. b4 Qb5 19. c4 Qxb4 20. Qc2 Qc5 21. Rb1
Rfc8 22. h3 Rab8 23. Rab2 Ba5 24. Rxb7 Rxb7 25. Rxb7 Qxd5 26. Ra7 Qc6 27. Qa2
Rc7 28. Rxc7 Bxc7 29. Nd2 Bb6 30. Ne4 Kh7 31. c5 dxc5 32. Qxf7 a5 33. Qf5+ Qg6
34. Qxe5 a4 35. Qd5 Bc7 36. g3 Qe8 37. Qf5+ Kh8 38. Qxc5 Bd8 39. Qc8 a3 40. Qa8
Qf8 41. Kg2 Be7 42. Qxf8+ Bxf8 43. Nc3 Kg8 44. f4 Kf7 45. Kf3 Ke6 46. Ke4 Bb4
47. Na2 Be1 48. g4 Kd6 49. Kd4 Bd2 50. Nc3 Ke7 51. f5 Bc1 52. Kc4 Kf6 53. d4
Kg5 54. d5 Kh4 55. f6 gxf6 56. d6 Bf4 57. d7 Bc7 58. Kb3 Kxh3 59. Nd5 Bd8 60.
Ne3 Kh4 61. Nf5+ Kg5 62. Nd6 Bc7 63. Nf7+ Kg6 64. Nd6 Kh7 65. Nf5 Kg6 66. Nd6
Kg5 67. Nf7+ Kg6 1/2-1/2

[Event "Aeroflot Open 2007"]
[Site "Moscú RUS"]
[Date "2007.02.18"]
[Round "5.32"]
[White "Kosintseva, Nadezhda"]
[Black "Moiseenko, Alexander"]
[Result "0-1"]
[WhiteElo "2496"]
[BlackElo "2627"]
[PlyCount "92"]
[EventDate "2007.02.14"]
[EventType "swiss"]
[EventRounds "9"]
[EventCountry "RUS"]
[Source "lmi"]
[SourceDate "2007.02.13"]

1. e4 c5 2. Nf3 Nc6 3. d4 cxd4 4. Nxd4 e5 5. Nb5 d6 6. N1c3 a6 7. Na3 Be7 8.
Nc4 b5 9. Ne3 Nf6 10. g3 O-O 11. Bg2 b4 12. Ncd5 Nxd5 13. Nxd5 Bg5 14. Bxg5
Qxg5 15. O-O Rd8 16. f4 Qh6 17. f5 Ra7 18. Qe1 a5 19. Qf2 Ba6 20. Rfe1 Rb7 21.
Rad1 Nd4 22. c3 bxc3 23. bxc3 Nc6 24. g4 Rdb8 25. Qg3 Qg5 26. h4 Qd8 27. g5 Rb2
28. f6 Be2 29. Ra1 g6 30. Bf3 Bxf3 31. Qxf3 h5 32. Re2 Qd7 33. Rae1 Nd8 34. Kh2
Ne6 35. Rxb2 Rxb2+ 36. Re2 Qb5 37. Rg2 Rxg2+ 38. Kxg2 Nc5 39. Ne3 Qb2+ 40. Kg3
Qxa2 41. Qd1 Nxe4+ 42. Kf3 Nxc3 43. Qe1 Qb3 44. Kg2 d5 45. Qg3 Qb2+ 46. Kh3 Ne4
0-1

[Event "Aeroflot Open 2007"]
[Site "Moscú RUS"]
[Date "2007.02.18"]
[Round "5.34"]
[White "Khairullin, Ildar"]
[Black "Vijayalakshmi, Subbaraman"]
[Result "1-0"]
[WhiteElo "2586"]
[BlackElo "2459"]
[PlyCount "77"]
[EventDate "2007.02.14"]
[EventType "swiss"]
[EventRounds "9"]
[EventCountry "RUS"]
[Source "lmi"]
[SourceDate "2007.02.13"]

1. e4 e5 2. Nf3 Nc6 3. Bb5 a6 4. Ba4 Nf6 5. O-O Be7 6. Re1 b5 7. Bb3 d6 8. c3
O-O 9. h3 Nb8 10. d4 Nbd7 11. Nbd2 Bb7 12. Bc2 Re8 13. Nf1 Bf8 14. Ng3 g6 15.
a4 Bg7 16. Bd3 c6 17. Bg5 Nf8 18. Qd2 Ne6 19. Be3 Qc7 20. Bf1 Rad8 21. Bh6 exd4
22. cxd4 d5 23. Bxg7 Kxg7 24. e5 Ne4 25. Qc2 Nxg3 26. fxg3 b4 27. Rac1 Qe7 28.
Qd2 a5 29. Nh2 f6 30. exf6+ Qxf6 31. Re5 Nc7 32. Ng4 Qd6 33. Bd3 Bc8 34. Qh6+
Kg8 35. Rh5 Re7 36. Bxg6 Kh8 37. Qxh7+ Rxh7 38. Rxh7+ Kg8 39. Nh6+ 1-0

[Event "Aeroflot Open 2007"]
[Site "Moscú RUS"]
[Date "2007.02.18"]
[Round "5.35"]
[White "Luther, Thomas"]
[Black "Evdokimov, Alexander A"]
[Result "1-0"]
[WhiteElo "2580"]
[BlackElo "2531"]
[PlyCount "135"]
[EventDate "2007.02.14"]
[EventType "swiss"]
[EventRounds "9"]
[EventCountry "RUS"]
[Source "lmi"]
[SourceDate "2007.02.13"]

1. e4 c5 2. Nf3 e6 3. d4 cxd4 4. Nxd4 a6 5. Bd3 Bc5 6. Nb3 Ba7 7. Qe2 Nc6 8.
Be3 Nge7 9. O-O O-O 10. Bxa7 Rxa7 11. c4 e5 12. Nc3 d6 13. Rfd1 Be6 14. Rd2 Qb8
15. Rad1 b5 16. Qf1 b4 17. Ne2 a5 18. Na1 Qb6 19. Nc2 Qc5 20. Ne3 a4 21. h3 g6
22. Kh1 Kh8 23. Qg1 a3 24. b3 Bc8 25. Bb1 Rd7 26. f4 Bb7 27. Ng4 Qxg1+ 28. Kxg1
exf4 29. Nxf4 f5 30. exf5 Nxf5 31. Ne6 Rff7 32. Nc5 Rde7 33. Nxb7 Rxb7 34. Bxf5
gxf5 35. Nh6 Rf8 36. Rxd6 Rc7 37. Rd7 Rxd7 38. Rxd7 Rf6 39. Nf7+ Kg8 40. Ng5 h6
41. Nf3 Kf8 42. Nd4 Ke8 43. Rd5 Ne7 44. Re5 Kd7 45. Kf2 f4 46. Kf3 Ng6 47. Rh5
Ne7 48. Rb5 Rd6 49. Rb7+ Kd8 50. Rxe7 Rxd4 51. Re5 Rd3+ 52. Kxf4 Kc7 53. Rd5
Rc3 54. Rd2 Rc1 55. h4 Rf1+ 56. Ke4 h5 57. Ke3 Kc6 58. Rf2 Rb1 59. Rf6+ Kc7 60.
Kd4 Rb2 61. Kc5 Rxa2 62. Kxb4 Rxg2 63. Kxa3 Rg4 64. Rh6 Rxh4 65. Ka4 Rh3 66. b4
h4 67. c5 Rh1 68. Kb5 1-0

[Event "Aeroflot Open 2007"]
[Site "Moscú RUS"]
[Date "2007.02.18"]
[Round "5.36"]
[White "Shomoev, Anton"]
[Black "Mamedov, Rauf"]
[Result "1-0"]
[WhiteElo "2556"]
[BlackElo "2566"]
[PlyCount "83"]
[EventDate "2007.02.14"]
[EventType "swiss"]
[EventRounds "9"]
[EventCountry "RUS"]
[Source "lmi"]
[SourceDate "2007.02.13"]

1. e4 c5 2. Nf3 Nc6 3. d4 cxd4 4. Nxd4 Nf6 5. Nc3 e5 6. Ndb5 d6 7. Bg5 a6 8.
Na3 b5 9. Bxf6 gxf6 10. Nd5 f5 11. Bd3 Be6 12. O-O Bxd5 13. exd5 Ne7 14. c4 Bg7
15. Rb1 e4 16. Be2 O-O 17. cxb5 f4 18. bxa6 Ng6 19. f3 f5 20. b4 Qg5 21. Kh1
Rf6 22. fxe4 fxe4 23. b5 Ne5 24. b6 Rg6 25. Rf2 e3 26. b7 Rf8 27. Bh5 Rh6 28.
Rxf4 Qxf4 29. b8=Q Qf5 30. a7 Rxh5 31. a8=Q Rh4 32. Qxf8+ Bxf8 33. Qe8 Ng4 34.
Qf3 Nf2+ 35. Kg1 Nh3+ 36. Kh1 Nf2+ 37. Kg1 Nh3+ 38. Qxh3 Qf2+ 39. Kh1 Rxh3 40.
Qe6+ Kh8 41. Qxh3 e2 42. Qc3+ 1-0

[Event "Aeroflot Open 2007"]
[Site "Moscú RUS"]
[Date "2007.02.19"]
[Round "6.2"]
[White "Alekseev, Evgeny"]
[Black "Tomashevsky, Evgeny"]
[Result "1/2-1/2"]
[WhiteElo "2661"]
[BlackElo "2624"]
[PlyCount "39"]
[EventDate "2007.02.14"]
[EventType "swiss"]
[EventRounds "9"]
[EventCountry "RUS"]
[Source "lmi"]
[SourceDate "2007.02.13"]

1. Nf3 Nf6 2. c4 c5 3. Nc3 Nc6 4. e3 e6 5. d4 d5 6. cxd5 exd5 7. Be2 Bd6 8. O-O
O-O 9. Nb5 Be7 10. dxc5 Bxc5 11. b3 Ne4 12. Bb2 Re8 13. Nbd4 Qd6 14. a3 Bb6 15.
b4 Bd7 16. Qd3 a5 17. b5 Ne5 18. Nxe5 Rxe5 19. Rad1 Rae8 20. Bf3 1/2-1/2

[Event "Aeroflot Open 2007"]
[Site "Moscú RUS"]
[Date "2007.02.19"]
[Round "6.3"]
[White "Akopian, Vladimir"]
[Black "Efimenko, Zahar"]
[Result "1/2-1/2"]
[WhiteElo "2700"]
[BlackElo "2616"]
[PlyCount "54"]
[EventDate "2007.02.14"]
[EventType "swiss"]
[EventRounds "9"]
[EventCountry "RUS"]
[Source "lmi"]
[SourceDate "2007.02.13"]

1. e4 c5 2. Nf3 d6 3. d4 cxd4 4. Nxd4 Nf6 5. Nc3 a6 6. Be3 e5 7. Nb3 Be6 8. f3
Nbd7 9. g4 Nb6 10. g5 Nh5 11. Qd2 Be7 12. O-O-O O-O 13. Rg1 Rc8 14. Kb1 g6 15.
h4 Qc7 16. Qf2 Nc4 17. Bxc4 Qxc4 18. Na5 Qc7 19. Bb6 Qd7 20. Qd2 f6 21. Nd5
Bxd5 22. Qxd5+ Kh8 23. gxf6 Nxf6 24. Qb3 Nh5 25. Qd5 Nf6 26. Qb3 Nh5 27. Qd5
Nf6 1/2-1/2

[Event "Aeroflot Open 2007"]
[Site "Moscú RUS"]
[Date "2007.02.19"]
[Round "6.9"]
[White "Balogh, Csaba"]
[Black "Predojevic, Borki"]
[Result "1/2-1/2"]
[WhiteElo "2616"]
[BlackElo "2587"]
[PlyCount "40"]
[EventDate "2007.02.14"]
[EventType "swiss"]
[EventRounds "9"]
[EventCountry "RUS"]
[Source "lmi"]
[SourceDate "2007.02.13"]

1. e4 c5 2. Nf3 d6 3. Nc3 Nf6 4. d4 cxd4 5. Nxd4 a6 6. Be3 e5 7. Nb3 Be6 8. Qd2
Nbd7 9. f3 b5 10. a4 b4 11. Nd5 Bxd5 12. exd5 Nb6 13. Bxb6 Qxb6 14. a5 Qb7 15.
Bc4 Be7 16. Ra4 Rb8 17. Qd3 Ra8 18. Qd2 Rb8 19. Qd3 Ra8 20. Qd2 Rb8 1/2-1/2

[Event "Aeroflot Open 2007"]
[Site "Moscú RUS"]
[Date "2007.02.19"]
[Round "6.14"]
[White "Riazantsev, Alexander"]
[Black "Movsesian, Sergei"]
[Result "1-0"]
[WhiteElo "2629"]
[BlackElo "2637"]
[PlyCount "89"]
[EventDate "2007.02.14"]
[EventType "swiss"]
[EventRounds "9"]
[EventCountry "RUS"]
[Source "lmi"]
[SourceDate "2007.02.13"]

1. d4 d5 2. c4 c6 3. Nc3 Nf6 4. Nf3 a6 5. Ne5 Nbd7 6. Bf4 dxc4 7. Nxc4 b5 8.
Ne5 Bb7 9. e3 e6 10. Qf3 Qb6 11. Nxd7 Nxd7 12. Bd3 c5 13. Be4 Bxe4 14. Nxe4
Qa5+ 15. Ke2 Rc8 16. Rhd1 Qb4 17. Kf1 c4 18. Qg3 Nf6 19. Nxf6+ gxf6 20. d5 exd5
21. Rxd5 c3 22. Qg4 Qc4+ 23. Kg1 Qc6 24. bxc3 Qe6 25. Qf3 Rxc3 26. Rad1 Be7 27.
h3 Rg8 28. Rd7 Qc6 29. Qxc6 Rxc6 30. Ra7 Bd8 31. Rdd7 Rg7 32. Rd4 Rg8 33. Bd6
f5 34. Rd5 Rg6 35. Bg3 f4 36. Bxf4 Bf6 37. Rdd7 Rc1+ 38. Kh2 Rc2 39. Bg3 Rxa2
40. Rxf7 h5 41. Rh7 Rd2 42. Rxa6 b4 43. Rb7 b3 44. Ra8+ Bd8 45. Bh4 1-0

[Event "Aeroflot Open 2007"]
[Site "Moscú RUS"]
[Date "2007.02.19"]
[Round "6.17"]
[White "Popov, Valerij"]
[Black "Sasikiran, Krishnan"]
[Result "1/2-1/2"]
[WhiteElo "2590"]
[BlackElo "2700"]
[PlyCount "72"]
[EventDate "2007.02.14"]
[EventType "swiss"]
[EventRounds "9"]
[EventCountry "RUS"]
[Source "lmi"]
[SourceDate "2007.02.13"]

1. Nf3 Nf6 2. c4 c5 3. Nc3 e6 4. g3 b6 5. Bg2 Bb7 6. O-O Be7 7. d4 cxd4 8. Qxd4
O-O 9. Rd1 Nc6 10. Qf4 Qb8 11. b3 h6 12. Qxb8 Raxb8 13. Bf4 Rbc8 14. Ne5 g5 15.
Nxc6 Bxc6 16. Bd6 Rfe8 17. a4 a6 18. a5 b5 19. Bxc6 dxc6 20. f3 Kf8 21. Na2
bxc4 22. bxc4 Bxd6 23. Rxd6 Ke7 24. Rad1 Nd5 25. c5 Rb8 26. Rxc6 Rb2 27. Nc1
Rc2 28. Nb3 Rxe2 29. Rxa6 Rc8 30. Nd4 Ra2 31. Nf5+ Kf8 32. Rxd5 exd5 33. Rxh6
Kg8 34. Ne7+ Kg7 35. Nf5+ Kg8 36. Ne7+ Kg7 1/2-1/2

[Event "Aeroflot Open 2007"]
[Site "Moscú RUS"]
[Date "2007.02.19"]
[Round "6.19"]
[White "Azarov, Sergei"]
[Black "Gashimov, Vugar"]
[Result "0-1"]
[WhiteElo "2583"]
[BlackElo "2658"]
[PlyCount "104"]
[EventDate "2007.02.14"]
[EventType "swiss"]
[EventRounds "9"]
[EventCountry "RUS"]
[Source "lmi"]
[SourceDate "2007.02.13"]

1. e4 c5 2. Nf3 g6 3. c3 Bg7 4. d4 cxd4 5. cxd4 d5 6. exd5 Nf6 7. Bb5+ Nbd7 8.
Nc3 O-O 9. d6 exd6 10. O-O a6 11. Bd3 b5 12. a4 bxa4 13. Rxa4 Qb6 14. Ra2 Bb7
15. Na4 Qa7 16. Be2 Nd5 17. Nc3 N7f6 18. Bd2 Rfe8 19. Re1 Nxc3 20. bxc3 Ne4 21.
Bf1 Rec8 22. Ra3 h6 23. Qb1 d5 24. Bf4 a5 25. c4 g5 26. Be3 a4 27. c5 Bc6 28.
Ne5 Be8 29. Nd3 Qa5 30. Qc2 Nd6 31. Bd2 Qa7 32. Ne5 Ne4 33. Be3 Qa5 34. Nd3 Nd6
35. Bd2 Qd8 36. Nb4 Bxd4 37. Nxd5 Rxc5 38. Qa2 Nf5 39. Ne3 Nxe3 40. Bxe3 Bxe3
41. Raxe3 Bc6 42. Bc4 Qf6 43. Re7 Rf8 44. h3 Qf4 45. Bf1 Rc3 46. Qe2 a3 47. g3
Qf5 48. Re5 Qf6 49. h4 gxh4 50. Qg4+ Kh7 51. Bg2 hxg3 52. Rf5 Qg6 0-1